[Event "22nd TCh-SLO 2012"]
[Site "Slovenia SLO"]
[Date "2012.12.02"]
[Round "6"]
[White "Podkriznik,G"]
[Black "Mohr,G"]
[Result "1/2-1/2"]
[WhiteTitle "FM"]
[BlackTitle "GM"]
[WhiteElo "2334"]
[BlackElo "2483"]
[WhiteTeam "SD Tehcenter Ptuj"]
[BlackTeam "ZSK Maribor"]
[WhiteFideId "14601893"]
[BlackFideId "14600013"]
[EventDate "2012.11.23"]

1. d4 Nf6 2. c4 g6 3. g3 Bg7 4. Bg2 O-O 5. Nf3 d6 6. O-O c6 7. Nc3 Bf5 8. b3 Ne4
9. Bb2 Nxc3 10. Bxc3 Be4 11. Ne1 Bxg2 12. Nxg2 d5 13. Qd3 e6 14. e4 dxe4 15.
Qxe4 Nd7 16. Rad1 a5 17. Qc2 Qc7 18. Ne3 Rfe8 19. Rfe1 Nf6 20. a4 b5 21. Bb2 Qb7
22. Bc3 Qc7 23. Bb2 Qb7 24. Bc3 1/2-1/2

[Event "22nd TCh-SLO 2012"]
[Site "Slovenia SLO"]
[Date "2012.12.02"]
[Round "6"]
[White "Sakelsek,T"]
[Black "Roskar,R"]
[Result "1-0"]
[WhiteTitle "IM"]
[BlackTitle "FM"]
[WhiteElo "2438"]
[BlackElo "2284"]
[WhiteTeam "ZSK Maribor"]
[BlackTeam "SD Tehcenter Ptuj"]
[WhiteFideId "14603683"]
[BlackFideId "14601850"]
[EventDate "2012.11.23"]

1. e4 c5 2. Nf3 Nc6 3. d4 cxd4 4. Nxd4 g6 5. c4 Bg7 6. Be3 Nf6 7. Nc3 Ng4 8.
Qxg4 Nxd4 9. Qd1 Ne6 10. Rc1 Qa5 11. Bd3 Qe5 12. O-O g5 13. b4 d6 14. g3 Rg8 15.
Kh1 Bh6 16. Nd5 Qg7 17. Qd2 Kf8 18. f4 g4 19. f5 Bxe3 20. Qxe3 Ng5 21. Nxe7 Rh8
22. f6 Qh6 23. Qf4 Be6 24. Qxd6 Qh5 25. Nc8+ 1-0

[Event "22nd TCh-SLO 2012"]
[Site "Slovenia SLO"]
[Date "2012.12.07"]
[Round "7"]
[White "Zupancic,J"]
[Black "Pavasovic,D"]
[Result "1/2-1/2"]
[BlackTitle "GM"]
[WhiteElo "2162"]
[BlackElo "2555"]
[WhiteTeam "SD KRKA Novo mesto"]
[BlackTeam "SD Tehcenter Ptuj"]
[WhiteFideId "14607280"]
[BlackFideId "14600986"]
[EventDate "2012.11.23"]

1. d4 f5 2. Nf3 Nf6 3. c4 g6 4. g3 Bg7 5. Bg2 O-O 6. O-O d6 7. Nc3 c6 8. Qc2 Na6
9. a3 Qe8 10. b4 e5 11. dxe5 dxe5 12. e4 Nh5 13. Bb2 f4 14. Rad1 Bg4 15. Rd3 Rd8
16. Rfd1 Rxd3 17. Rxd3 Nc7 18. Nb1 Bf6 19. Nbd2 Ne6 20. Bc3 fxg3 21. hxg3 Nd8
22. Qb2 Nf7 23. c5 Qe6 24. Qb3 Re8 25. Qxe6 Bxe6 26. Kh2 g5 27. Ne1 Ng7 28. Nc2
h5 29. Ne3 Rd8 30. Rxd8+ Bxd8 31. Nec4 Bc7 32. Bf1 Ne8 33. Bd3 g4 34. Kg2 Nf6
35. Kf1 Kf8 36. Ke2 Ke7 37. Ke3 Nd7 38. Nb3 Nf8 39. Nca5 Bc8 40. Be2 Ng5 41. Nc4
Ng6 42. Nbd2 Be6 43. f3 gxf3 1/2-1/2

[Event "22nd TCh-SLO 2012"]
[Site "Slovenia SLO"]
[Date "2012.12.07"]
[Round "7"]
[White "Borisek,J"]
[Black "Volf,Z"]
[Result "1-0"]
[WhiteTitle "GM"]
[WhiteElo "2560"]
[BlackElo "2230"]
[WhiteTeam "SD Tehcenter Ptuj"]
[BlackTeam "SD KRKA Novo mesto"]
[WhiteFideId "14603152"]
[BlackFideId "14604949"]
[EventDate "2012.11.23"]

1. e4 e5 2. Nf3 Nc6 3. Bb5 Nf6 4. d3 Bc5 5. Bxc6 dxc6 6. Nbd2 Bg4 7. h3 Be6 8.
Ng5 Qe7 9. O-O O-O-O 10. Qe2 h6 11. Nxe6 Qxe6 12. Nb3 Bb6 13. a4 a5 14. Bd2 g5
15. Bxa5 g4 16. h4 g3 17. Bxb6 cxb6 18. fxg3 Rhg8 19. Qf2 Nd7 20. a5 bxa5 21.
Rxa5 Qg4 22. Nc5 Qxg3 23. Ra8+ Nb8 24. Qxg3 Rxg3 25. Rxf7 Rdg8 26. Rxb7 Rxg2+
27. Kf1 Rh8 1-0

[Event "22nd TCh-SLO 2012"]
[Site "Slovenia SLO"]
[Date "2012.12.07"]
[Round "7"]
[White "Mejak,Severin"]
[Black "Polajzer,D"]
[Result "1/2-1/2"]
[BlackTitle "IM"]
[WhiteElo "2071"]
[BlackElo "2295"]
[WhiteTeam "SD KRKA Novo mesto"]
[BlackTeam "SD Tehcenter Ptuj"]
[WhiteFideId "14609886"]
[BlackFideId "14600218"]
[EventDate "2012.11.23"]

1. d4 d5 2. c4 dxc4 3. Nf3 c5 4. e3 cxd4 5. exd4 Be6 6. Nc3 Nf6 7. Ne5 Nc6 8.
Nxc6 bxc6 9. Qa4 Bd7 10. Bxc4 e6 11. Qc2 Qb6 12. Be3 Nd5 13. O-O Be7 14. Rad1
O-O 15. Bc1 Qb4 16. Bb3 Rfd8 17. a3 Qa5 18. Ne4 Nf6 19. Ba2 Qf5 20. Nxf6+ Qxf6
21. Be3 Bd6 22. Bb1 Qh4 23. f4 g6 24. Rf3 Rdb8 25. Rdf1 a5 26. Rh3 Qf6 27. Qf2
c5 28. dxc5 Rxb2 29. Bd4 Bxc5 30. Bxf6 Bxf2+ 31. Kh1 Rab8 32. Bxb2 Rxb2 33. Rf3
Bc5 34. Be4 f5 35. Ba8 Rb8 36. Rc3 Bf8 37. Bf3 a4 38. Rd1 Be8 39. h3 Kf7 40. Bc6
Bxc6 41. Rxc6 Bxa3 42. Ra1 Rb3 43. Rc4 h6 44. Rxa4 Bc5 45. Rf1 1/2-1/2

[Event "22nd TCh-SLO 2012"]
[Site "Slovenia SLO"]
[Date "2012.12.07"]
[Round "7"]
[White "Podkriznik,G"]
[Black "Rifelj,L"]
[Result "1-0"]
[WhiteTitle "FM"]
[WhiteElo "2334"]
[BlackElo "1881"]
[WhiteTeam "SD Tehcenter Ptuj"]
[BlackTeam "SD KRKA Novo mesto"]
[WhiteFideId "14601893"]
[BlackFideId "14603462"]
[EventDate "2012.11.23"]

1. d4 Nf6 2. c4 c5 3. Nf3 cxd4 4. Nxd4 e5 5. Nb5 d5 6. cxd5 Bb4+ 7. N1c3 O-O 8.
Bg5 a6 9. Bxf6 Qxf6 10. Na3 e4 11. Qb3 Qe7 12. Nc2 Ba5 13. g3 Kh8 14. Bg2 f5 15.
Qa3 Qxa3 16. Nxa3 b5 17. O-O-O Bb7 18. Nc2 Rc8 19. Kb1 Nd7 20. Ne3 g6 21. g4
Bxc3 22. bxc3 f4 23. Nc2 Nf6 24. Kb2 Nxg4 25. Rd4 Rc4 26. Rxc4 bxc4 27. Rd1 Nxf2
28. Rd4 Rd8 29. Nb4 f3 30. exf3 e3 31. Bf1 a5 32. Nc6 Rd6 33. Nxa5 Bxd5 34. Nxc4
Bxc4 35. Bxc4 Rf6 36. Be2 g5 37. Rd8+ Kg7 38. Re8 Rd6 39. Rxe3 Rd2+ 40. Kb3 Nh3
41. a4 Nf4 42. Bc4 Rxh2 43. a5 Rd2 44. a6 Rd7 45. Kb4 h5 46. Re1 Ng6 47. Ra1 Ra7
48. Bd5 Ne5 49. Bb7 Kf6 50. Kb5 Nd7 51. Kc6 1-0

[Event "22nd TCh-SLO 2012"]
[Site "Slovenia SLO"]
[Date "2012.12.07"]
[Round "7"]
[White "Zupancic,U"]
[Black "Roskar,R"]
[Result "1-0"]
[BlackTitle "FM"]
[WhiteElo "1924"]
[BlackElo "2284"]
[WhiteTeam "SD KRKA Novo mesto"]
[BlackTeam "SD Tehcenter Ptuj"]
[WhiteFideId "14606631"]
[BlackFideId "14601850"]
[EventDate "2012.11.23"]

1. e4 e5 2. Nf3 Nc6 3. Bb5 a6 4. Ba4 Nf6 5. O-O Be7 6. Re1 b5 7. Bb3 O-O 8. d4
d6 9. c3 Bg4 10. d5 Na5 11. Bc2 c6 12. dxc6 Qc7 13. h3 Bh5 14. Nbd2 Rad8 15. a4
Nc4 16. axb5 Nxd2 17. Bxd2 axb5 18. Qe2 Qxc6 19. Bd3 Rb8 20. Ra5 b4 21. cxb4 Bd8
22. Ra6 Rb6 23. b5 Qd7 24. Be3 Rb7 25. b6 Bxf3 26. Qxf3 Qe6 27. Qe2 Qb3 28. Qc2
Qb4 29. Qc3 Qxc3 30. bxc3 Rb8 31. Rb1 Nd7 32. Bc4 Nc5 33. Bxc5 dxc5 34. Bd5 Re8
35. Kf1 Be7 36. Ra7 Kf8 37. Ke2 Red8 38. Kd3 Rd6 39. Kc4 Ke8 40. Ra8 Rxa8 41.
Bxa8 Rd8 42. Bc6+ Kf8 43. b7 Bd6 44. Ra1 Ke7 45. Kb5 f6 46. Kb6 Bb8 47. Kxc5 Bc7
48. Ra8 Bb8 49. c4 Bc7 50. Rc8 Bb8 51. Kb6 h5 52. c5 h4 53. Rxb8 Rxb8 54. Kc7 1-0

[Event "22nd TCh-SLO 2012"]
[Site "Slovenia SLO"]
[Date "2012.12.07"]
[Round "7"]
[White "Ruck,R1"]
[Black "Lenic,L"]
[Result "1/2-1/2"]
[WhiteTitle "GM"]
[BlackTitle "GM"]
[WhiteElo "2568"]
[BlackElo "2637"]
[WhiteTeam "SD Radenska Pomgrad"]
[BlackTeam "ZSK Maribor"]
[WhiteFideId "705713"]
[BlackFideId "14603853"]
[EventDate "2012.11.23"]

1. Nf3 Nf6 2. c4 e6 3. Nc3 Bb4 4. Qc2 O-O 5. a3 Bxc3 6. Qxc3 b6 7. b4 a5 8. Bb2
axb4 9. axb4 Rxa1+ 10. Bxa1 c5 11. e3 d6 12. Be2 e5 13. O-O Re8 14. d3 Nc6 15.
bxc5 bxc5 16. Bb2 Bb7 17. Ra1 Qd7 18. h3 h6 19. Ra3 Ra8 20. Rxa8+ Bxa8 21. Qa3
Bb7 22. d4 exd4 23. exd4 Qe7 24. Bf1 cxd4 25. Nxd4 Nxd4 26. Bxd4 Ne8 27. Qa1 Qd8
28. Qa7 Qc7 29. f3 Bc8 30. Qa8 Qb7 31. Qa5 Be6 32. Qd8 Qc8 33. Qxc8 Bxc8 34. Kf2
Ba6 35. Be2 Kf8 36. Ke3 Nc7 37. Bb2 f6 38. Ba3 Ke7 39. c5 dxc5 1/2-1/2

[Event "22nd TCh-SLO 2012"]
[Site "Slovenia SLO"]
[Date "2012.12.07"]
[Round "7"]
[White "Mohr,G"]
[Black "Gjuran,D"]
[Result "1-0"]
[WhiteTitle "GM"]
[BlackTitle "FM"]
[WhiteElo "2483"]
[BlackElo "2336"]
[WhiteTeam "ZSK Maribor"]
[BlackTeam "SD Radenska Pomgrad"]
[WhiteFideId "14600013"]
[BlackFideId "14603373"]
[EventDate "2012.11.23"]

1. c4 e6 2. Nc3 d5 3. d4 Nf6 4. cxd5 exd5 5. Bg5 Be7 6. e3 c6 7. Bd3 O-O 8. Qc2
Nbd7 9. Nge2 Re8 10. f3 Nf8 11. Bh4 Be6 12. O-O Rc8 13. Rad1 Ng6 14. Bf2 c5 15.
Bb5 Bd7 16. Qa4 Bxb5 17. Qxb5 Qc7 18. dxc5 Bxc5 19. Nxd5 Nxd5 20. Rxd5 Bxe3 21.
Bxe3 Rxe3 22. Rc1 Qb8 23. Rxc8+ Qxc8 24. Nc3 Nf8 25. Qc5 Re8 26. Qxa7 Re1+ 27.
Kf2 Rh1 28. Qc5 Qe6 29. Ne4 Qh6 30. Ng3 Rxh2 31. Nf5 Qf6 32. Kg1 g6 33. Qe7 Qc6
34. Rd8 1-0

[Event "22nd TCh-SLO 2012"]
[Site "Slovenia SLO"]
[Date "2012.12.07"]
[Round "7"]
[White "Cigan,S"]
[Black "Sakelsek,T"]
[Result "0-1"]
[WhiteTitle "IM"]
[BlackTitle "IM"]
[WhiteElo "2374"]
[BlackElo "2438"]
[WhiteTeam "SD Radenska Pomgrad"]
[BlackTeam "ZSK Maribor"]
[WhiteFideId "14600064"]
[BlackFideId "14603683"]
[EventDate "2012.11.23"]

1. c4 Nf6 2. Nc3 e5 3. g3 d5 4. cxd5 Nxd5 5. Bg2 Nb6 6. Nf3 Nc6 7. O-O Be7 8. d3
O-O 9. Be3 Be6 10. Rc1 Nd5 11. Nxd5 Bxd5 12. Qa4 a6 13. Bc5 Re8 14. e3 Bf6 15.
Rfd1 Qd7 16. e4 Be6 17. d4 exd4 18. Bxd4 Nxd4 19. Qxd7 Ne2+ 20. Kh1 Bxd7 21.
Rxc7 Bb5 22. e5 Bxe5 23. Nxe5 Rxe5 24. Bxb7 Rae8 25. b3 R5e7 26. Rxe7 Rxe7 27.
a4 Bd7 28. f3 g5 29. Rd5 h6 30. Bxa6 Bc6 31. Rd8+ Kg7 32. Kg2 g4 33. Kf2 gxf3
34. Rd6 Bb7 35. b4 Bxa6 36. Rxa6 Nd4 0-1

[Event "22nd TCh-SLO 2012"]
[Site "Slovenia SLO"]
[Date "2012.12.07"]
[Round "7"]
[White "Rozic,V"]
[Black "Lazar,Ales ML"]
[Result "1/2-1/2"]
[WhiteTitle "WIM"]
[BlackTitle "FM"]
[WhiteElo "2253"]
[BlackElo "2304"]
[WhiteTeam "ZSK Maribor"]
[BlackTeam "SD Radenska Pomgrad"]
[WhiteFideId "14604000"]
[BlackFideId "14603039"]
[EventDate "2012.11.23"]

1. d4 d5 2. Nf3 Nf6 3. c4 e6 4. g3 c6 5. Bg2 Nbd7 6. O-O Bd6 7. Qc2 Qe7 8. Nbd2
O-O 9. b3 e5 10. dxe5 Nxe5 11. Bb2 dxc4 12. Nxc4 Nxc4 13. Qxc4 Ba3 14. Bxa3 Qxa3
15. Nd4 a5 16. Rfd1 Qe7 17. Rac1 Rd8 18. h3 h6 19. e3 Nd5 20. e4 Nb4 21. Qe2 Bd7
22. a3 Na6 23. Qb2 Nc7 24. Re1 Be6 25. Nf5 Bxf5 26. exf5 Qd6 27. f6 Qxf6 28.
Qxf6 gxf6 29. Re7 Rac8 30. Bf3 Kf8 31. Re3 Rd4 32. Rc5 a4 33. Rh5 Re8 34. Rxh6
Kg7 35. Rh5 Rxe3 36. fxe3 Rd3 37. bxa4 Rxe3 38. Kf2 Rxa3 39. Ra5 Ne6 40. Ra7 Nc5
41. a5 f5 42. Kg2 Ra2+ 43. Kg1 Kf6 44. h4 Ra3 45. Kg2 Ra2+ 46. Kg1 Ne4 47. Rxb7
Rxa5 48. g4 Ra1+ 49. Kg2 Ra2+ 50. Kg1 Nd6 51. Rc7 fxg4 52. Bxg4 Ra4 53. Bf3 Rxh4
54. Rxc6 Ke6 55. Ra6 Rd4 56. Ra5 f5 57. Kf2 Rd2+ 58. Ke1 Rd4 59. Kf2 Nc4 60. Rb5
Rd2+ 61. Kg3 Rd6 62. Kf2 Ne5 63. Bb7 Kf6 64. Ra5 Rd2+ 65. Kf1 Rc2 66. Rb5 Nd3
67. Ra5 Nc5 68. Rb5 Ke5 69. Rb4 Rc1+ 70. Kg2 Nd3 71. Rb3 Kd4 72. Ra3 Ne5 73.
Ra4+ Ke3 74. Ra3+ Nd3 75. Ba6 Rc2+ 76. Kg3 f4+ 77. Kg4 Rg2+ 78. Kh4 Rd2 79. Kg4
f3 80. Rxd3+ Rxd3 81. Bxd3 Kxd3 82. Kxf3 1/2-1/2

[Event "22nd TCh-SLO 2012"]
[Site "Slovenia SLO"]
[Date "2012.12.07"]
[Round "7"]
[White "Mikac,M"]
[Black "Srebrnic,M"]
[Result "1/2-1/2"]
[WhiteTitle "IM"]
[BlackTitle "FM"]
[WhiteElo "2394"]
[BlackElo "2378"]
[WhiteTeam "SK Branik Maribor"]
[BlackTeam "SK Nova Gorica"]
[WhiteFideId "14600048"]
[BlackFideId "14603616"]
[EventDate "2012.11.23"]

1. e4 c5 2. Nf3 Nc6 3. c3 Nf6 4. e5 Nd5 5. d4 cxd4 6. cxd4 d6 7. Bc4 e6 8. O-O
Be7 9. exd6 Qxd6 10. Nc3 Nxc3 11. bxc3 O-O 12. Re1 b6 13. Ng5 Qd8 14. Qh5 h6 15.
Nf3 Bf6 16. Bd3 Qd5 17. Qxd5 exd5 18. Bb5 Bb7 19. Bxc6 Bxc6 20. a4 Rfe8 21. Ne5
Bxe5 22. Rxe5 Rxe5 23. dxe5 a6 24. Be3 b5 25. a5 Bd7 26. Bd4 h5 27. h4 Rc8 28.
Rb1 Bf5 29. Rb4 Kf8 30. f3 Ke7 31. Kf2 Rc4 1/2-1/2

[Event "22nd TCh-SLO 2012"]
[Site "Slovenia SLO"]
[Date "2012.12.07"]
[Round "7"]
[White "Srebrnic,A"]
[Black "Zupe,M"]
[Result "1/2-1/2"]
[WhiteTitle "WGM"]
[BlackTitle "IM"]
[WhiteElo "2204"]
[BlackElo "2323"]
[WhiteTeam "SK Nova Gorica"]
[BlackTeam "SK Branik Maribor"]
[WhiteFideId "14603314"]
[BlackFideId "14600277"]
[EventDate "2012.11.23"]

1. Nf3 Nf6 2. c4 e6 3. Nc3 d5 4. cxd5 exd5 5. d4 c6 6. Bg5 Be7 7. Qc2 O-O 8. e3
Re8 9. Bd3 Nbd7 10. O-O Nf8 11. h3 g6 12. Bf4 Ne6 13. Be5 Ng7 14. Ne2 Bf5 15.
Ng3 Bxd3 16. Qxd3 Ngh5 17. Nxh5 Nxh5 18. Rac1 f6 19. Bh2 Bd6 20. Bxd6 Qxd6 21.
Qc2 Ng7 22. Qc5 Qxc5 23. Rxc5 Nf5 24. Rfc1 Nd6 25. b3 Ne4 26. R5c2 Re7 27. g3 a6
28. Kg2 Kf7 29. Ne1 Rae8 30. Nd3 Nd6 31. Nc5 1/2-1/2

[Event "22nd TCh-SLO 2012"]
[Site "Slovenia SLO"]
[Date "2012.12.07"]
[Round "7"]
[White "Supancic,D"]
[Black "Rusjan,M"]
[Result "1/2-1/2"]
[WhiteTitle "FM"]
[WhiteElo "2370"]
[BlackElo "2204"]
[WhiteTeam "SK Branik Maribor"]
[BlackTeam "SK Nova Gorica"]
[WhiteFideId "14600773"]
[BlackFideId "14601567"]
[EventDate "2012.11.23"]

1. d4 Nf6 2. Nf3 e6 3. Bg5 d5 4. e3 Be7 5. Nbd2 O-O 6. Bd3 c5 7. c3 b6 8. O-O
Bb7 9. Ne5 h6 10. Bh4 Nfd7 11. Bxe7 Qxe7 12. f4 Nc6 13. Ndf3 Ndxe5 14. Nxe5 Nxe5
15. fxe5 Qg5 16. Qf3 f5 17. Qf4 Qxf4 18. exf4 c4 19. Bc2 Bc6 20. Kf2 g5 21. Ke3
g4 22. Kd2 b5 23. a4 a6 24. axb5 axb5 25. b3 Kf7 26. b4 Rxa1 27. Rxa1 Ra8 28.
Rxa8 Bxa8 29. Ke3 h5 30. Bd1 Kg6 31. g3 Bc6 1/2-1/2

[Event "22nd TCh-SLO 2012"]
[Site "Slovenia SLO"]
[Date "2012.12.07"]
[Round "7"]
[White "Skrinjar,M"]
[Black "Navinsek,T"]
[Result "1/2-1/2"]
[BlackTitle "FM"]
[WhiteElo "2058"]
[BlackElo "2278"]
[WhiteTeam "SK Nova Gorica"]
[BlackTeam "SK Branik Maribor"]
[WhiteFideId "14607263"]
[BlackFideId "14600340"]
[EventDate "2012.11.23"]

1. e4 Nf6 2. Nc3 d5 3. exd5 Nxd5 4. Bc4 e6 5. Nge2 c5 6. O-O Nb6 7. Bb5+ Bd7 8.
d4 cxd4 9. Nxd4 Be7 10. Qh5 O-O 11. Ne4 Bxb5 12. Nxb5 N8d7 13. Bg5 Bxg5 14. Qxg5
Qxg5 15. Nxg5 Rfc8 16. Nd6 Rxc2 17. Ngxf7 Rxb2 18. Ng5 Nc5 19. Rfe1 Rf8 20. Nxe6
Nxe6 21. Rxe6 Rfxf2 22. Re8+ Rf8 23. Rxf8+ Kxf8 24. Nxb7 Nd5 25. Nc5 Nf6 26. a4
Rc2 27. Ne6+ Kf7 28. Nd4 Rd2 29. Nc6 a6 30. Ne5+ Ke6 31. Nf3 Rb2 1/2-1/2

[Event "22nd TCh-SLO 2012"]
[Site "Slovenia SLO"]
[Date "2012.12.07"]
[Round "7"]
[White "Simic,Draga SLO"]
[Black "Vodopivec,V"]
[Result "1/2-1/2"]
[WhiteTitle "FM"]
[WhiteElo "2289"]
[BlackElo "1963"]
[WhiteTeam "SK Branik Maribor"]
[BlackTeam "SK Nova Gorica"]
[WhiteFideId "14600803"]
[BlackFideId "14602784"]
[EventDate "2012.11.23"]

1. d4 d5 2. c4 e6 3. Nc3 Nf6 4. Bg5 c6 5. e3 Nbd7 6. Nf3 Qa5 7. Nd2 dxc4 8. Bxf6
Nxf6 9. Nxc4 Qg5 10. h4 Qg4 11. Qxg4 Nxg4 12. Be2 Nf6 13. g3 Be7 14. O-O O-O 15.
Rfd1 Bd7 16. Rac1 Rac8 17. Bf3 Nd5 18. Ne5 Rfd8 19. Nxd7 Rxd7 20. Kf1 Nxc3 21.
bxc3 b6 22. Ke2 Kf8 23. c4 c5 24. d5 exd5 25. Rxd5 Rxd5 26. Bxd5 Bf6 27. Rd1 Rd8
28. Bc6 Rxd1 29. Kxd1 Ke7 30. Ke2 Be5 31. Bd5 1/2-1/2

[Event "22nd TCh-SLO 2012"]
[Site "Slovenia SLO"]
[Date "2012.12.07"]
[Round "7"]
[White "Gostisa,L"]
[Black "Kovacevic,A"]
[Result "1/2-1/2"]
[WhiteTitle "IM"]
[BlackTitle "GM"]
[WhiteElo "2419"]
[BlackElo "2560"]
[WhiteTeam "SD Vrhnika"]
[BlackTeam "SD dr. Milan Vidmar LJ"]
[WhiteFideId "14600722"]
[BlackFideId "903124"]
[EventDate "2012.11.23"]

1. d4 Nf6 2. Nf3 e6 3. g3 b6 4. Bg2 Bb7 5. c4 Be7 6. Nc3 Ne4 7. Bd2 d5 8. cxd5
exd5 9. Qa4+ Qd7 10. Qxd7+ Nxd7 11. Bf4 Nxc3 12. bxc3 Ba3 13. O-O c6 14. Rab1
O-O 15. Rb3 Be7 16. Re1 Rfe8 17. Nd2 g5 18. Bh3 Nf8 19. Be3 Bc8 20. Bxc8 Raxc8
21. a4 Ne6 22. g4 Bd6 23. Ra1 h6 24. Ra2 f5 25. gxf5 Ng7 26. f6 Nh5 27. c4 Nxf6
28. Rc2 dxc4 29. Nxc4 Bb8 30. h3 Rcd8 31. a5 b5 32. Ne5 Bxe5 33. dxe5 Rxe5 34.
Rxc6 Rd1+ 35. Kg2 Kf7 36. Ra6 Nd5 37. Rxa7+ Kg6 38. Rb7 b4 39. a6 Nxe3+ 40. fxe3
Ra1 41. a7 Rea5 42. R3xb4 Rxa7 43. R4b6+ Kh5 44. Rxa7 Rxa7 45. Re6 Ra4 46. Kf3
Rh4 47. Kg3 Ra4 48. Rd6 Rb4 49. Kf3 Rh4 50. Kg2 Re4 51. Kf3 1/2-1/2

[Event "22nd TCh-SLO 2012"]
[Site "Slovenia SLO"]
[Date "2012.12.07"]
[Round "7"]
[White "Soln,P"]
[Black "Kavcic,Z"]
[Result "0-1"]
[WhiteTitle "IM"]
[BlackTitle "FM"]
[WhiteElo "2382"]
[BlackElo "2269"]
[WhiteTeam "SD dr. Milan Vidmar LJ"]
[BlackTeam "SD Vrhnika"]
[WhiteFideId "14601060"]
[BlackFideId "14604582"]
[EventDate "2012.11.23"]

1. d4 Nf6 2. c4 c5 3. d5 b5 4. cxb5 a6 5. b6 Qxb6 6. Nc3 d6 7. a4 g6 8. a5 Qb4
9. Ra4 Qb7 10. e4 Bg7 11. Bd3 O-O 12. Nge2 e6 13. O-O exd5 14. exd5 Nbd7 15. Bc2
Re8 16. h3 Rb8 17. Ra2 Qc7 18. Ba4 Ne4 19. Qc2 Nxc3 20. bxc3 Re7 21. Nf4 Ne5 22.
Bb3 c4 23. Ba4 Bf5 24. Qd2 Nd3 25. Bc2 Bh6 26. Bxd3 Bxd3 27. Rd1 Re2 28. Qxe2
Bxe2 29. Nxe2 Rb1 30. Bxh6 Rxd1+ 31. Kh2 Rxd5 32. Ng3 f5 33. f4 Rxa5 34. Re2 Kf7
35. Nf1 Ra1 36. Ne3 Qe7 37. Kg3 Qe4 38. Kf2 Rc1 39. Bg5 a5 40. g4 a4 41. h4 fxg4 0-1

[Event "22nd TCh-SLO 2012"]
[Site "Slovenia SLO"]
[Date "2012.12.07"]
[Round "7"]
[White "Jeric,S"]
[Black "Barle,J"]
[Result "1-0"]
[WhiteTitle "IM"]
[BlackTitle "IM"]
[WhiteElo "2274"]
[BlackElo "2374"]
[WhiteTeam "SD Vrhnika"]
[BlackTeam "SD dr. Milan Vidmar LJ"]
[WhiteFideId "14600765"]
[BlackFideId "14600021"]
[EventDate "2012.11.23"]

1. e4 c5 2. Nf3 Nc6 3. c3 d5 4. exd5 Qxd5 5. d4 e6 6. Na3 Qd8 7. Nc2 Nf6 8. Bd3
Be7 9. O-O O-O 10. Qe2 a6 11. dxc5 Bxc5 12. Bg5 h6 13. Bh4 Be7 14. Rad1 Bd7 15.
Ne3 b5 16. Bb1 Ra7 17. Bxf6 Bxf6 18. Ng4 Re8 19. Qe4 Kf8 20. Nxf6 gxf6 21. Qh7
Ke7 22. Bg6 Rf8 23. Rfe1 Qb6 24. Qg7 Qc5 25. b4 Qxc3 26. Nh4 Ne5 27. Rxe5 fxe5
28. Bxf7 Rxf7 29. Ng6+ Kd8 30. Qxf7 e4 31. Nf8 Qc6 32. Nxe6+ Kc8 33. Qf8+ Be8
34. Rd8+ Kb7 35. Nc5+ 1-0

[Event "22nd TCh-SLO 2012"]
[Site "Slovenia SLO"]
[Date "2012.12.07"]
[Round "7"]
[White "Dizdar,G"]
[Black "Horvath,Ad1"]
[Result "0-1"]
[WhiteTitle "GM"]
[BlackTitle "GM"]
[WhiteElo "2499"]
[BlackElo "2495"]
[WhiteTeam "SK Triglav Krsko"]
[BlackTeam "SD Rokada Lendava"]
[WhiteFideId "14500124"]
[BlackFideId "708003"]
[EventDate "2012.11.23"]

1. d4 Nf6 2. Nf3 e6 3. c4 Bb4+ 4. Nbd2 b6 5. g3 Bb7 6. Bg2 O-O 7. O-O a5 8. Qc2
Bxd2 9. Bxd2 Be4 10. Qa4 d6 11. Rfd1 Qc8 12. Rac1 Nbd7 13. Bh3 h6 14. Qa3 Re8
15. Ne1 Bb7 16. f3 c5 17. Be3 Qc7 18. Bf2 Rad8 19. e4 cxd4 20. Bxd4 Bc6 21. Nc2
Qb8 22. Bf2 Ne5 23. Nd4 Ba8 24. Bg2 d5 25. cxd5 exd5 26. exd5 Nxd5 27. Nf5 Nb4
28. Bd4 Bd5 29. f4 Bxg2 30. Kxg2 Qb7+ 31. Kh3 Qd7 32. g4 Nxg4 33. Nxg7 Ne3+ 34.
f5 Nxf5 35. Nxe8 Ne3+ 36. Kg3 Qg4+ 37. Kf2 Qg2+ 38. Kxe3 Rxe8+ 0-1

[Event "22nd TCh-SLO 2012"]
[Site "Slovenia SLO"]
[Date "2012.12.07"]
[Round "7"]
[White "Horvath,Ta1"]
[Black "Brumen,D"]
[Result "0-1"]
[WhiteTitle "IM"]
[BlackTitle "IM"]
[WhiteElo "2390"]
[BlackElo "2357"]
[WhiteTeam "SD Rokada Lendava"]
[BlackTeam "SK Triglav Krsko"]
[WhiteFideId "700185"]
[BlackFideId "14501490"]
[EventDate "2012.11.23"]

1. e4 c5 2. Nf3 Nc6 3. d4 cxd4 4. Nxd4 e5 5. Nb5 d6 6. c4 Be7 7. Bd3 Be6 8. b3
Nf6 9. N1c3 a6 10. Na3 O-O 11. O-O Rc8 12. Nc2 Ne8 13. Ne3 g6 14. Ncd5 Bg5 15.
Kh1 Bxd5 16. cxd5 Ne7 17. Bd2 Kh8 18. g3 f5 19. f3 Ng7 20. Rc1 Rxc1 21. Qxc1 Ng8
22. Kg2 h5 23. Rf2 h4 24. exf5 gxf5 25. f4 Bh6 26. Qc3 e4 27. Be2 Kh7 28. Qd4
Ne7 29. g4 Ne8 30. Nxf5 Nxf5 31. Qxe4 Qe7 32. Bd3 h3+ 33. Kf1 Qg7 34. g5 Qa1+
35. Ke2 Bg7 36. Rf3 Nc7 37. Rxh3+ Kg8 38. Be3 Qxa2+ 39. Kf3 Qxb3 40. Kg4 Qd1+
41. Rf3 Nxe3+ 42. Qxe3 Re8 43. Qb6 Nxd5 44. Bc4 Kh8 45. Bxd5 Qxd5 46. Qb1 Kg8
47. h4 Re2 48. Qb3 Qxb3 49. Rxb3 d5 50. Kh5 Rf2 51. Rb4 Kf7 0-1

[Event "22nd TCh-SLO 2012"]
[Site "Slovenia SLO"]
[Date "2012.12.07"]
[Round "7"]
[White "Stajner,S"]
[Black "Sifrer,D"]
[Result "1-0"]
[WhiteTitle "FM"]
[BlackTitle "IM"]
[WhiteElo "2261"]
[BlackElo "2393"]
[WhiteTeam "SK Triglav Krsko"]
[BlackTeam "SD Rokada Lendava"]
[WhiteFideId "14604078"]
[BlackFideId "14600110"]
[EventDate "2012.11.23"]

1. d4 d6 2. e4 Nf6 3. f3 Nbd7 4. Be3 c6 5. c4 e5 6. d5 c5 7. Nc3 Be7 8. g3 h5 9.
h4 Nf8 10. Qd2 Ng6 11. Nh3 Bd7 12. Nf2 a6 13. a4 Nh7 14. Bh3 Bxh3 15. Rxh3 O-O
16. Kd1 f5 17. exf5 Rxf5 18. g4 hxg4 19. fxg4 Rf8 20. g5 Qd7 21. Rh2 Nf4 22.
Nce4 b5 23. axb5 axb5 24. Rxa8 Rxa8 25. Bxf4 exf4 26. Qxf4 bxc4 27. Nc3 Ra1+ 28.
Kc2 Nf8 29. Qxc4 Ng6 30. Nd3 Qf5 31. Rf2 Ne5 32. Rxf5 Nxc4 33. Rf4 Nb6 34. Re4
Kf7 35. Nf4 Ra7 36. Re6 Rd7 37. Ne4 g6 38. Nf6 Ra7 39. Ng4 Ke8 40. Rxg6 Ra4 41.
Nf6+ Kf7 42. N6h5 Rc4+ 43. Kb1 Rd4 44. Re6 Nxd5 45. g6+ Kg8 46. Nxd5 Rxd5 47.
Nf4 Re5 48. h5 Kg7 49. Rxe5 dxe5 50. Ne6+ Kf6 51. g7 Kf7 52. Kc2 Bf6 53. b3 e4
54. h6 Kg8 55. Kd2 1-0